| 000 | 00713nam a2200229 u 4500 | ||
|---|---|---|---|
| 005 | 20210223131214.0 | ||
| 008 | 100204s2005 ag r 000 0 spa d | ||
| 020 | _a9500363143 | ||
| 035 | _aUPN01000174443 | ||
| 049 | _aCG | ||
| 050 | 4 |
_aPR6066 I5.3 _bA4.2 |
|
| 100 | 1 |
_aPinter, Harold, _d1930-2008 _931024 |
|
| 245 | 1 | 3 |
_aEl amante ; Escuela nocturna ; Sketches de revista / _cHarold Pinter ; tr. Rafael Spregelburd. |
| 260 |
_aBuenos Aires : _bLosada, _c2005. |
||
| 300 | _a145 p. | ||
| 440 | 0 | _aGran teatro | |
| 534 |
_pTÃtulo original: _tThe lover ; Night school ; Revue sketches |
||
| 650 | 4 |
_aTEATRO INGLES _917427 |
|
| 740 | 0 | _aEscuela nocturna | |
| 740 | 0 | _aSketches de revista | |
| 905 | _aLibro | ||
| 999 |
_c146547 _d146547 |
||